| 000 | 00963nas a2200325 4500 | ||
|---|---|---|---|
| 001 | BR0402498 | ||
| 003 | BR-BrBNA | ||
| 005 | 20231205104549.0 | ||
| 007 | ta | ||
| 008 | 230509b bl.|||p| |||| 00| 00por d | ||
| 040 |
_aBR-BrBNA _bpor _cBiblioteca Nacional de Agricultura |
||
| 041 | _a(Pt) | ||
| 072 | _aF40 | ||
| 100 | 1 | _aLeão, P.C. de S. | |
| 100 | 1 | _aSilva, E.E.G. da | |
| 245 | 1 | _aCaracterização fenológica e requerimentos térmicos de variedades de uvas sem sementes no Vale do São Francisco | |
| 650 | _aUVA | ||
| 650 | _aVARIEDADE | ||
| 650 | _aÉPOCA DE CORTE | ||
| 650 | _aFENOLOGIA | ||
| 650 | _aGEMA | ||
| 650 | _aBROTAÇÃO | ||
| 650 | _aFLORAÇÃO | ||
| 650 | _aMATURAÇÃO | ||
| 650 | _aVARIAÇÃO SAZONAL | ||
| 650 | _aNORDESTE | ||
| 773 | 0 |
_tRevista Brasileira de Fruticultura (Brazil) _xISSN 0100-2945 _g(Dec 2003), v. 25(3) p. 379-382 _wBR0402498 |
|
| 909 |
_a202311 _bLúcia _c55 _dLúcia Elande |
||
| 942 |
_2AGRIS _n0 _cANA |
||
| 999 |
_c178740 _d178740 |
||